书目信息 |
| 题名: |
窗边的小豆豆
|
|
| 作者: | 黑柳彻子 著 ;岩崎千弘 , 赵玉皎 图 | |
| 分册: | ||
| 出版信息: | 海口 南海出版公司 2011 |
|
| 页数: | 272页 | |
| 开本: | 21cm | |
| 丛书名: | 新经典文库 | |
| 单 册: | ||
| 中图分类: | I313.84 | |
| 科图分类: | ||
| 主题词: | 儿童文学--er tong wen xue--长篇小说--日本--现代 | |
| 电子资源: | ||
| ISBN: | 978-7-5442-5058-0 | |
| 000 | 01001nam0 22003131 450 | |
| 001 | 1759775504 | |
| 005 | 20170605165325.59 | |
| 010 | @a978-7-5442-5058-0@dCNY25.00 | |
| 100 | @a20140707d2011 de y0chiy50 ea | |
| 101 | 1 | @achi@cjpn |
| 102 | @aCN@b460000 | |
| 105 | @aa z 000ay | |
| 106 | @ar | |
| 200 | 1 | @a窗边的小豆豆@Achuang bian de xiao dou dou@f(日)黑柳彻子著@g(日)岩崎千弘图@g赵玉皎译 |
| 205 | @a2版 | |
| 210 | @a海口@c南海出版公司@d2011 | |
| 215 | @a272页@c图@d21cm | |
| 225 | 2 | @a新经典文库@Axin jing dian wen ku@i巴学园@v01 |
| 300 | @a小豆豆系列作品 | |
| 308 | @a文库05 | |
| 461 | 0 | @12001 @a新经典文库 |
| 500 | 10 | @a窗边的小豆豆 |
| 606 | 0 | @a儿童文学@Aer tong wen xue@x长篇小说@y日本@z现代 |
| 690 | @aI313.84@v5 | |
| 701 | 0 | @c(日)@a黑柳彻子@Ahei liu che zi@c(女,@f1933~)@4著 |
| 702 | 0 | @c(日)@a岩崎千弘@Ayan qi qian hong@c(女,@f1918~1974)@4图 |
| 702 | 0 | @a赵玉皎@Azhao yu jiao@4译 |
| 801 | 0 | @aCN@bTANGWEI@c20170517 |
| 905 | @b1007460-5@dI313.84@e408=2@f6 | |
| 窗边的小豆豆/(日)黑柳彻子著/(日)岩崎千弘图/赵玉皎译.-2版.-海口:南海出版公司,2011 |
| 272页:图;21cm.-(新经典文库.巴学园;01) |
| 小豆豆系列作品 |
| ISBN 978-7-5442-5058-0:CNY25.00 |
| ● |
| 相关链接 |
|
|
|
|
正题名:窗边的小豆豆
索取号:I313.84/408=2
 
预约/预借
| 序号 | 登录号 | 条形码 | 馆藏地/架位号 | 状态 | 备注 |
| 1 | 1007460 | 210074603 | 第一样本阅览室/ [索取号:I313.84/408=2] | 在馆 | |
| 2 | 1007461 | 210074612 | 教育系资料室/ [索取号:I313.84/408=2] | 在馆 | |
| 3 | 1007462 | 210074621 | 教育系资料室/ [索取号:I313.84/408=2] | 在馆 | |
| 4 | 1007463 | 210074630 | 教育系资料室/ [索取号:I313.84/408=2] | 在馆 | |
| 5 | 1007464 | 210074649 | 第二借阅区/ [索取号:I313.84/408=2] | 在馆 | |
| 6 | 1007465 | 210074658 | 第二借阅区/ [索取号:I313.84/408=2] | 在馆 |